000 00670nam a22002291 4500
001 sa 68002070
003 DLC
005 20260227112439.0
008 710903s1967 ii d 00010 eng
010 _asa 68002070
025 _aPL480:I-E-9258
050 0 _aHF1002
_b.B275
082 _a330/.03
100 1 0 _aBanerjee, Rabindra Nath,
_d1904-
245 1 0 _aDictionary of commercial terms,
_cby R. N. Banerjee.
250 _a[1st ed.]
260 0 _aCalcutta;
_b[sole distributors: Patrika Syndicates,
_c1967]
300 _a170 p.
_c19 cm.
350 _aRs5.50
500 _aDistributor statement covered by publisher's label.
650 0 _aCommerce
_xDictionaries.
999 _c78433
_d78433